| Record ID | ia:computernetworki0000kuro_x4n6 |
| Source | Internet Archive |
| Download MARC XML | https://archive.org/download/computernetworki0000kuro_x4n6/computernetworki0000kuro_x4n6_marc.xml |
| Download MARC binary | https://www.archive.org/download/computernetworki0000kuro_x4n6/computernetworki0000kuro_x4n6_meta.mrc |
LEADER: 03383cam 2200745Ma 4500
001 ocn422755088
003 OCoLC
005 20210911003214.0
008 090707s2010 maua b 001 0 eng d
040 $aNz$beng$cUY0$dNLE$dCUD$dGBVCP$dDEBBG$dOCL$dUKM$dYDXCP$dOCLCF$dOCLCO$dOCLCQ$dHEBIS$dEUM$dS3O$dOCLCQ$dAUMLT$dLVT$dOCLCQ$dOCLCO$dOCLCQ$dIL4J6$dOCLCO
015 $aGBA916900$2bnb
015 $aGBA914677$2bnb
016 7 $a014908587$2Uk
016 7 $a014903267$2Uk
019 $a305147376$a982668876$a1015513773$a1017824173
020 $a9780131365483$q(pbk. ;$qinternational ed.)
020 $a0131365487$q(pbk. ;$qinternational ed.)
020 $a9780136079675
020 $a0136079679
035 $a(OCoLC)422755088$z(OCoLC)305147376$z(OCoLC)982668876$z(OCoLC)1015513773$z(OCoLC)1017824173
050 4 $aTK5105.875.I57$b.K87 2010
080 $a518.532.R82
082 04 $a004.678$222
084 $aST 200$2rvk
084 $aST 321$2rvk
084 $aDAT 250f$2stub
100 1 $aKurose, James F.
245 10 $aComputer networking :$ba top-down approach /$cJames F. Kurose, Keith W. Ross.
250 $a5th ed., international ed.
260 $aBoston, Mass. :$bPearson,$c©2010.
300 $a888 pages :$billustrations ;$c23 cm
336 $atext$btxt$2rdacontent
337 $aunmediated$bn$2rdamedia
338 $avolume$bnc$2rdacarrier
500 $a"International edition"--Cover.
500 $a"May or may not include alterations from the United States version"--Page 4 of cover.
504 $aIncludes bibliographical references (pages 831-860) and index.
520 8 $aBuilding on the successful top-down approach of previous editions, this edition continues with an early emphasis on application-layer paradigms and application programming interfaces, encouraging a hands-on experience with protocols and networking concepts.
505 0 $a1. Computer networks and the internet -- 2. Application layer -- 3. Transport layer -- 4. The network layer -- 5. The link layer and local area networks -- 6. Wireless and mobile networks -- 7. Multimedia networking -- 8. Security in computer networks -- 9. Network management.
650 0 $aInternet.
650 0 $aComputer networks.
650 7 $aComputer networks.$2fast$0(OCoLC)fst00872297
650 7 $aInternet.$2fast$0(OCoLC)fst00977184
650 7 $aRechnernetz$2gnd
650 7 $aComputer networks.$2nli
650 7 $aInternet.$2nli
650 7 $aInternet.$2sao
650 7 $aDatanät.$2sao
650 7 $aDatakommunikation.$2sao
655 4 $aLehrbuch.
655 7 $aLehrbuch.$2swd
700 1 $aRoss, Keith W.,$d1956-
856 41 $3Table of contents$uhttp://bvbr.bib-bvb.de:8991/F?func=service&doc_library=BVB01&doc_number=017621525&line_number=0001&func_code=DB_RECORDS&service_type=MEDIA
856 41 $3Table of contents$uhttp://bvbr.bib-bvb.de:8991/F?func=service&doc_library=BVB01&local_base=BVB01&doc_number=017621525&line_number=0001&func_code=DB_RECORDS&service_type=MEDIA
938 $aYBP Library Services$bYANK$n100520552
029 0 $aNZ1$b12911305
029 1 $aAU@$b000044487411
029 1 $aAU@$b000046881078
029 1 $aDEBBG$bBV035565866
029 1 $aHEBIS$b215136802
029 1 $aHEBIS$b220944474
029 1 $aSEHIS$b111984
029 1 $aUNITY$b119415259
994 $aZ0$bP4A
948 $hNO HOLDINGS IN P4A - 117 OTHER HOLDINGS